| 000 | 00336nam a22001337a 4500 | ||
|---|---|---|---|
| 008 | 181218b xxu||||| |||| 00| 0 eng d | ||
| 020 | _a0879674776 | ||
| 041 | _aeng | ||
| 080 | _a574 | ||
| 100 | _a9 | ||
| 101 | _aMJE | ||
| 245 |
_aTaking Sides: Clashing Views on Controversial Environmental Issues _cGoldfarb,Th.D |
||
| 942 |
_2udc _cBK |
||
| 999 |
_c53350 _d53350 |
||